[Event "SRB Team Chmp 2007"]
[Site "Zlatibor"]
[Date "2007.08.23"]
[Round "3.1"]
[White "Predojevic, Borki"]
[Black "Maksimenko, Andrei"]
[Result "1/2-1/2"]
[WhiteElo "2628"]
[BlackElo "2505"]
[PlyCount "112"]
[EventDate "2007.08.21"]

1. e4 c6 2. d4 d5 3. exd5 cxd5 4. c4 Nf6 5. Nc3 e6 6. cxd5 Nxd5 7. Nf3 Nc6 8.
Bd3 Bb4 9. Bd2 O-O 10. O-O Be7 11. Qe2 Nf6 12. Ne4 Bd7 13. Rac1 Qb6 14. Be3
Nxe4 15. d5 Nc5 16. dxc6 Bxc6 17. Ne5 Nxd3 18. Bxb6 Nxc1 19. Rxc1 axb6 20. Nxc6
bxc6 21. Rxc6 Rxa2 22. g3 Bc5 23. Kg2 g6 24. h4 h5 25. Rxe6 Bd4 26. Rxg6+ fxg6
27. Qc4+ Kh7 28. Qxd4 Rf5 29. Qxb6 Raa5 30. Qc7+ Kg8 31. Qc4+ Kg7 32. f3 Rab5
33. b4 Rb7 34. g4 Rfb5 35. Qd4+ Kh7 36. gxh5 Rxh5 37. Qe4 Rhb5 38. h5 R7b6 39.
hxg6+ Kg7 40. f4 Rxb4 41. Qe5+ Kxg6 42. Kf3 Rb1 43. Qe8+ Kg7 44. Qd7+ Kf6 45.
Qd4+ Kf7 46. Qc4+ Kf6 47. Qc3+ Kf7 48. Kg4 Rg6+ 49. Kf5 Rb5+ 50. Ke4 Re6+ 51.
Kf3 Rf5 52. Qc7+ Kg6 53. Kg4 Ref6 54. Qc2 Kg7 55. Qxf5 Rxf5 56. Kxf5 Kf7
1/2-1/2

[Event "SRB Team Chmp 2007"]
[Site "Zlatibor"]
[Date "2007.08.23"]
[Round "3.1"]
[White "Bogosavljevic, Boban"]
[Black "Markovic, Miroslav"]
[Result "1/2-1/2"]
[WhiteElo "2491"]
[BlackElo "2442"]
[PlyCount "134"]
[EventDate "2007.08.21"]

1. Nf3 d6 2. d4 Nf6 3. g3 g6 4. Bg2 Bg7 5. O-O O-O 6. c4 Nbd7 7. Nc3 e5 8. e4
exd4 9. Nxd4 Re8 10. h3 Nc5 11. Re1 Bd7 12. Nb3 Na4 13. Nxa4 Bxa4 14. Bd2 Nd7
15. Qc2 Nc5 16. Bc3 Bf6 17. Rad1 Qe7 18. f4 Qe6 19. e5 dxe5 20. Nxc5 Bxc2 21.
Nxe6 Rxe6 22. Rd2 Ba4 23. Bxb7 Rb8 24. Bd5 Re7 25. fxe5 Bg5 26. Rf2 Bd7 27. h4
Bh6 28. Rxf7 Rxf7 29. e6 Bxe6 30. Bxe6 Kf8 31. Bxf7 Kxf7 32. Kg2 Rb6 33. Kf3
Rd6 34. Ke4 Re6+ 35. Kd3 Rd6+ 36. Kc2 Rc6 37. Re4 Bf8 38. b4 Re6 39. Rf4+ Ke8
40. Rf3 h5 41. c5 a5 42. a3 axb4 43. axb4 c6 44. Kd3 Be7 45. Kc4 Re4+ 46. Bd4
Bf8 47. Ra3 Be7 48. Ra8+ Kd7 49. Ra7+ Kd8 50. Ra8+ Kd7 51. b5 Bf6 52. bxc6+ Kc7
53. Ra7+ Kc8 54. Ra8+ Kc7 55. Ra7+ Kc8 56. Rd7 Rg4 57. Rd6 Be5 58. Rd7 Bh8 59.
Kd3 Bxd4 60. Rxd4 Rxg3+ 61. Ke4 Kc7 62. Rd6 g5 63. hxg5 Rxg5 64. Kd4 Rg1 65.
Rh6 Rd1+ 66. Kc4 Rh1 67. Kb5 Rb1+ 1/2-1/2

[Event "SRB Team Chmp 2007"]
[Site "Zlatibor"]
[Date "2007.08.23"]
[Round "3.1"]
[White "Drazic, Sinisa"]
[Black "Nestorovic, Nikola"]
[Result "1-0"]
[WhiteElo "2480"]
[BlackElo "2424"]
[PlyCount "79"]
[EventDate "2007.08.21"]

1. d4 Nf6 2. Nc3 d5 3. Bg5 Nbd7 4. Qd3 g6 5. Nf3 Bg7 6. e4 dxe4 7. Nxe4 Nxe4 8.
Qxe4 Nf6 9. Bxf6 Bxf6 10. Bc4 O-O 11. O-O-O c5 12. dxc5 Qa5 13. g4 Qxc5 14. h4
b5 15. Bb3 Rb8 16. h5 Bb7 17. Bd5 Bxd5 18. Rxd5 Qc6 19. hxg6 fxg6 20. Rxh7
Bxb2+ 21. Kxb2 Qf6+ 22. Re5 Kxh7 23. Ng5+ Kg8 24. Qd5+ Rf7 25. Nxf7 Qxf7 26.
Re6 Kf8 27. Qe5 Rd8 28. Qh8+ Qg8 29. Qxg8+ Kxg8 30. Rxe7 Rf8 31. Rxa7 Rxf2 32.
a4 bxa4 33. Rxa4 Kf7 34. Re4 Kf6 35. Kb3 Kg5 36. c4 Rf1 37. c5 Rb1+ 38. Kc4
Rc1+ 39. Kd5 Rd1+ 40. Rd4 1-0

[Event "SRB Team Chmp 2007"]
[Site "Zlatibor"]
[Date "2007.08.23"]
[Round "3.2"]
[White "Naiditsch, Arkadij"]
[Black "Sedlak, Nikola"]
[Result "1/2-1/2"]
[WhiteElo "2652"]
[BlackElo "2590"]
[PlyCount "142"]
[EventDate "2007.08.21"]

1. e4 c5 2. Nf3 d6 3. d4 cxd4 4. Nxd4 Nf6 5. f3 Nc6 6. c4 Qb6 7. Nc2 g6 8. Nc3
Bg7 9. Bd2 O-O 10. Rb1 Nd4 11. Ne3 Be6 12. Na4 Qd8 13. Bc3 Nc6 14. Be2 a6 15.
Nd5 Rb8 16. Ndb6 Bh6 17. Bd2 Bxd2+ 18. Qxd2 Ne5 19. Qd4 Nh5 20. O-O Nf4 21. Nc3
f5 22. Rbe1 fxe4 23. Nxe4 Qc7 24. b3 Rf5 25. Bd1 Rbf8 26. g3 Nfd3 27. Re3 Nb4
28. Nd5 Bxd5 29. cxd5 Qa5 30. Nc3 Nxa2 31. Nxa2 Qxa2 32. f4 g5 33. Be2 gxf4 34.
gxf4 Ng6 35. Bg4 R5f6 36. Kh1 e5 37. dxe6 Rxf4 38. Rxf4 Rxf4 39. Qd1 Qf2 40.
Rc3 Rd4 41. Qe2 Qxe2 42. Bxe2 Re4 43. Bf1 Nf4 44. Rc8+ Kg7 45. Rc7+ Kg6 46.
Rxb7 Rxe6 47. Rb6 Kf5 48. Rxa6 Kg4 49. Ra1 Kf3 50. b4 d5 51. b5 Kf2 52. Rb1 Rb6
53. Rb4 Ke3 54. Rb3+ Kf2 55. Rb4 Kxf1 56. Rxf4+ Ke2 57. Rb4 Kd3 58. Kg2 Kc3 59.
Rh4 h6 60. Kf2 d4 61. Ke1 Rg6 62. Rh5 d3 63. Rc5+ Kd4 64. Rc8 Rg1+ 65. Kd2 Rg2+
66. Kc1 Rxh2 67. b6 Rh1+ 68. Kd2 Rb1 69. Rd8+ Ke4 70. Re8+ Kf3 71. Rf8+ Kg3
1/2-1/2

[Event "SRB Team Chmp 2007"]
[Site "Zlatibor"]
[Date "2007.08.23"]
[Round "3.2"]
[White "Popovic, Dusan"]
[Black "Miladinovic, Igor"]
[Result "1/2-1/2"]
[WhiteElo "2551"]
[BlackElo "2605"]
[PlyCount "31"]
[EventDate "2007.08.21"]

1. e4 c5 2. Nf3 Nc6 3. d4 cxd4 4. Nxd4 Qc7 5. Nc3 e6 6. Be3 a6 7. Qd2 Nf6 8.
O-O-O Bb4 9. f3 Ne5 10. Nb3 b5 11. Qe1 Rb8 12. Qg3 Nh5 13. Qh3 Nf6 14. Qg3 Nh5
15. Qh3 Nf6 16. Qg3 1/2-1/2

[Event "SRB Team Chmp 2007"]
[Site "Zlatibor"]
[Date "2007.08.23"]
[Round "3.2"]
[White "Strikovic, Aleksa"]
[Black "Leskur, Dejan"]
[Result "1-0"]
[WhiteElo "2567"]
[BlackElo "2482"]
[PlyCount "91"]
[EventDate "2007.08.21"]

1. e4 d6 2. d4 Nf6 3. Nc3 g6 4. Bg5 h6 5. Bh4 Bg7 6. e5 dxe5 7. dxe5 Ng4 8.
Qxd8+ Kxd8 9. O-O-O+ Bd7 10. e6 fxe6 11. Bc4 Kc8 12. Nf3 Nc6 13. Rxd7 Kxd7 14.
Rd1+ Ke8 15. Nb5 Kf7 16. Nxc7 g5 17. Bxe6+ Kg6 18. Bxg4 gxh4 19. Nxa8 Rxa8 20.
Be6 Bf6 21. Rd7 Rd8 22. Rxd8 Nxd8 23. Bc8 b6 24. c3 Nf7 25. Kc2 Nd6 26. Ba6 e5
27. h3 Kf5 28. Kd2 Kf4 29. Ke2 e4 30. Nd2 e3 31. fxe3+ Kg3 32. Kf1 Bg5 33. Bd3
Bxe3 34. Nb3 a5 35. a4 Kh2 36. Ke2 Bg5 37. Kf3 Nb7 38. Nd4 Bc1 39. b4 Bd2 40.
bxa5 Nxa5 41. Kf2 Bxc3 42. Nf3+ Kh1 43. Nxh4 Nb3 44. Nf5 Nc5 45. Bc2 Bd2 46.
Ng3+ 1-0

[Event "SRB Team Chmp 2007"]
[Site "Zlatibor"]
[Date "2007.08.23"]
[Round "3.2"]
[White "Popov, Sinisa S"]
[Black "Jeremic, Veljko"]
[Result "1/2-1/2"]
[WhiteElo "2481"]
[BlackElo "2523"]
[PlyCount "87"]
[EventDate "2007.08.21"]

1. d4 Nf6 2. c4 e6 3. Nf3 b6 4. g3 Ba6 5. Qa4 Bb7 6. Bg2 c5 7. dxc5 Bxc5 8. O-O
O-O 9. Nc3 a6 10. Bf4 Be7 11. Rfd1 d6 12. Rd2 Qc7 13. Qd1 Rd8 14. Rc1 Ne8 15.
b4 Nd7 16. b5 Rac8 17. bxa6 Bxa6 18. Nd4 Nb8 19. Ndb5 Qd7 20. Qa4 Bb7 21. e4
Qc6 22. Na7 Qxa4 23. Nxa4 Rc7 24. Nb5 Rc6 25. Nd4 e5 26. Nf5 Bf6 27. Be3 Nd7
28. Bf1 Ra8 29. Nc3 g6 30. Nh6+ Kg7 31. Rb1 Bd8 32. f3 Nef6 33. h3 Ba6 34. Ng4
Nxg4 35. hxg4 Bxc4 36. Bxc4 Rxc4 37. Nb5 Nc5 38. Rxd6 Ne6 39. Rb2 Rca4 40. Rdd2
Bg5 41. Kf2 Bxe3+ 42. Kxe3 R8a5 43. a3 Nd4 44. Nxd4 1/2-1/2

[Event "SRB Team Chmp 2007"]
[Site "Zlatibor"]
[Date "2007.08.23"]
[Round "3.3"]
[White "Kovacevic, Aleksandar"]
[Black "Blagojevic, Dragisa"]
[Result "1/2-1/2"]
[WhiteElo "2566"]
[BlackElo "2502"]
[PlyCount "45"]
[EventDate "2007.08.21"]

1. e4 e5 2. Nf3 Nc6 3. Bb5 a6 4. Bxc6 dxc6 5. O-O Qd6 6. Na3 b5 7. c3 c5 8. Nc2
Ne7 9. a4 Bb7 10. axb5 axb5 11. Rxa8+ Bxa8 12. Re1 Ng6 13. d4 Qd7 14. Qe2 exd4
15. cxd4 c4 16. Ne5 Nxe5 17. dxe5 Bc5 18. Be3 Bxe3 19. Nxe3 Bxe4 20. Nxc4 Bd3
21. Nd6+ Qxd6 22. exd6+ Bxe2 23. dxc7 1/2-1/2

[Event "SRB Team Chmp 2007"]
[Site "Zlatibor"]
[Date "2007.08.23"]
[Round "3.3"]
[White "Stupavski, Zdenko"]
[Black "Martic, Ivan"]
[Result "1/2-1/2"]
[WhiteElo "2378"]
[BlackElo "2311"]
[PlyCount "69"]
[EventDate "2007.08.21"]

1. e4 c5 2. Nf3 d6 3. d4 cxd4 4. Nxd4 Nf6 5. Nc3 a6 6. Bc4 e6 7. Bb3 b5 8. O-O
Be7 9. Qf3 Qb6 10. Be3 Qb7 11. Qg3 O-O 12. Bh6 Ne8 13. Rad1 Nc6 14. Nxc6 Qxc6
15. Nd5 Bd8 16. Rfe1 Bb7 17. Nf4 Kh8 18. Bg5 Bxg5 19. Qxg5 Nf6 20. f3 Rfe8 21.
c3 Rad8 22. Nd3 h6 23. Qe3 Qc7 24. a4 Bc6 25. axb5 Bxb5 26. e5 Nd7 27. exd6
Qxd6 28. Bc2 Qc7 29. Nf2 Nf6 30. Rxd8 Rxd8 31. Rd1 Kg8 32. Rxd8+ Qxd8 33. b3
Qa5 34. c4 Bc6 35. Nd1 1/2-1/2

[Event "SRB Team Chmp 2007"]
[Site "Zlatibor"]
[Date "2007.08.23"]
[Round "3.4"]
[White "Kosic, Dragan"]
[Black "Solodovnichenko, Yuri"]
[Result "1/2-1/2"]
[WhiteElo "2501"]
[BlackElo "2582"]
[PlyCount "70"]
[EventDate "2007.08.21"]

1. d4 d5 2. c4 dxc4 3. Nf3 e6 4. e3 a6 5. Bxc4 c5 6. O-O Nf6 7. dxc5 Bxc5 8.
Qxd8+ Kxd8 9. Rd1+ Ke7 10. Be2 Bd7 11. Nbd2 Rc8 12. Nc4 Bb5 13. b3 Nd5 14. Bb2
f6 15. Nd4 Nd7 16. Bf3 Bc6 17. Na5 Bxd4 18. Rxd4 Ne5 19. Nxc6+ bxc6 20. Be2 a5
21. Rc1 c5 22. Rh4 h6 23. Bxe5 fxe5 24. Rg4 g5 25. h4 Nf6 26. Rgc4 Nd7 27. Re4
Rcb8 28. Bc4 a4 29. hxg5 axb3 30. axb3 hxg5 31. f4 gxf4 32. exf4 Ra2 33. fxe5
Rg8 34. Re2 Rxe2 35. Bxe2 Rg5 1/2-1/2

[Event "SRB Team Chmp 2007"]
[Site "Zlatibor"]
[Date "2007.08.23"]
[Round "3.4"]
[White "Martinovic, Slobodan"]
[Black "Kizov, Atanas"]
[Result "1/2-1/2"]
[WhiteElo "2447"]
[BlackElo "2396"]
[PlyCount "39"]
[EventDate "2007.08.21"]

1. e4 e5 2. Nf3 Nc6 3. Bc4 Nf6 4. d3 Be7 5. Bb3 O-O 6. O-O d5 7. exd5 Nxd5 8.
h3 a5 9. a3 a4 10. Ba2 Kh8 11. Re1 f6 12. Nbd2 Bc5 13. Ne4 Bb6 14. c3 Bf5 15.
Nh4 Be6 16. d4 Bf7 17. Nf5 exd4 18. cxd4 Nde7 19. Nxe7 Nxe7 20. Bxf7 1/2-1/2

[Event "SRB Team Chmp 2007"]
[Site "Zlatibor"]
[Date "2007.08.23"]
[Round "3.4"]
[White "Mihalj, Miroslav M"]
[Black "Kostic, Vladimir G"]
[Result "1/2-1/2"]
[WhiteElo "2323"]
[BlackElo "2395"]
[PlyCount "50"]
[EventDate "2007.08.21"]

1. d4 e6 2. e4 d5 3. Nd2 Nf6 4. Bd3 c5 5. dxc5 Nc6 6. exd5 exd5 7. Ngf3 Bxc5 8.
O-O O-O 9. Nb3 Bb6 10. Bg5 Bg4 11. Re1 Bc7 12. Bh4 Ne5 13. Be2 Ng6 14. Bxf6
Qxf6 15. Qd4 Nf4 16. Qxf6 Nxe2+ 17. Rxe2 gxf6 18. Re7 Rfc8 19. Nbd4 Kf8 20.
Ree1 Re8 21. Kf1 a6 22. c3 Bd7 23. h3 Be5 24. Rad1 a5 25. Rd2 Bf4 1/2-1/2

[Event "SRB Team Chmp 2007"]
[Site "Zlatibor"]
[Date "2007.08.23"]
[Round "3.4"]
[White "Zlatic, Mihajlo"]
[Black "Bulajic, Ratko"]
[Result "1/2-1/2"]
[WhiteElo "2450"]
[BlackElo "2321"]
[PlyCount "91"]
[EventDate "2007.08.21"]

1. e4 c5 2. Nf3 d6 3. d4 cxd4 4. Nxd4 Nf6 5. Nc3 a6 6. Bc4 e6 7. Bb3 Nbd7 8. f4
Nc5 9. Qf3 Be7 10. f5 O-O 11. O-O Kh8 12. Be3 Bd7 13. g4 h6 14. g5 hxg5 15.
Bxg5 Nh7 16. Be3 Bg5 17. Bxg5 Qxg5+ 18. Kh1 Qh4 19. Rg1 d5 20. Rg4 Qf6 21. Qh3
g5 22. Nf3 Rg8 23. Rag1 Nxe4 24. Nxe4 dxe4 25. Nxg5 Rxg5 26. Rxg5 Bc6 27. R1g3
Rd8 28. c3 e3+ 29. Kg1 e2 30. Kf2 Bf3 31. Rg8+ Rxg8 32. Rxg8+ Kxg8 33. Qxf3 Ng5
34. Qxe2 Qxf5+ 35. Kg3 Qh3+ 36. Kf4 Qf5+ 37. Kg3 Qh3+ 38. Kf4 Qf5+ 39. Kg3 Ne4+
40. Kg2 Qg5+ 41. Kf3 Nd2+ 42. Kf2 Qf5+ 43. Kg3 Qg5+ 44. Kf2 Qf4+ 45. Kg2 Qg5+
46. Kf2 1/2-1/2

[Event "SRB Team Chmp 2007"]
[Site "Zlatibor"]
[Date "2007.08.23"]
[Round "3.5"]
[White "Paunovic, Dragan"]
[Black "Ivanisevic, Ivan"]
[Result "0-1"]
[WhiteElo "2531"]
[BlackElo "2595"]
[PlyCount "98"]
[EventDate "2007.08.21"]

1. c4 e5 2. e3 Nf6 3. Nc3 Nc6 4. a3 g6 5. Nf3 Bg7 6. d4 d6 7. Be2 O-O 8. O-O
Bf5 9. d5 Ne7 10. Nd2 a5 11. Ra2 Bd7 12. b4 Nf5 13. bxa5 c5 14. Nb3 e4 15. Nb5
h5 16. Bb2 Nh7 17. Qd2 Qh4 18. Bxg7 Kxg7 19. Nxd6 Nxd6 20. Nxc5 Bg4 21. Qd4+
Qf6 22. Qxf6+ Nxf6 23. f3 Bf5 24. Nb3 Bd7 25. Rb1 Rfc8 26. Nd2 Kf8 27. Rb6 Ke7
28. a6 Rxa6 29. Rxa6 bxa6 30. Rb2 Rc5 31. Kf2 Rc7 32. Rb6 Bc8 33. Rb4 a5 34.
Rb2 h4 35. h3 Bf5 36. f4 Nd7 37. Ke1 Nc5 38. Rb1 Nd3+ 39. Bxd3 exd3 40. Rc1 Rc5
41. Rc3 a4 42. Rc1 f6 43. Kd1 g5 44. fxg5 fxg5 45. Ke1 Ne4 46. Nxe4 Bxe4 47.
Kd2 Kd6 48. Rc3 g4 49. hxg4 Bxg2 0-1

[Event "SRB Team Chmp 2007"]
[Site "Zlatibor"]
[Date "2007.08.23"]
[Round "3.5"]
[White "Stojanovic, Mihajlo"]
[Black "Krnic, Zdenko"]
[Result "1/2-1/2"]
[WhiteElo "2601"]
[BlackElo "2385"]
[PlyCount "95"]
[EventDate "2007.08.21"]

1. Nf3 Nf6 2. c4 g6 3. Nc3 d5 4. cxd5 Nxd5 5. Qa4+ Nc6 6. Ne5 Ndb4 7. f4 Bg7 8.
a3 Bxe5 9. axb4 Bd6 10. b5 Nb4 11. d4 f5 12. e3 Be6 13. Be2 O-O 14. O-O Qe8 15.
Bf3 c6 16. bxc6 bxc6 17. e4 a5 18. e5 Bc7 19. Be3 Bc4 20. Rfd1 e6 21. Rac1 Rf7
22. Qa3 Nd5 23. Na4 Bb5 24. Nc5 a4 25. Bd2 Bd8 26. g3 Rfa7 27. Rc2 Kf7 28. Kh1
Be7 29. g4 Qd8 30. Bc1 Bf8 31. Rg1 Bh6 32. h4 Bxf4 33. Bxf4 Nxf4 34. Qe3 Nd5
35. Qh6 Qh8 36. gxf5 exf5 37. Bxd5+ cxd5 38. h5 a3 39. bxa3 Rxa3 40. Rh2 Qg7
41. hxg6+ hxg6 42. e6+ Kf8 43. Qxg6 Qxg6 44. Rxg6 Ra1+ 45. Rg1 Rxg1+ 46. Kxg1
Ra1+ 47. Kf2 Ra2+ 48. Kg1 1/2-1/2

[Event "SRB Team Chmp 2007"]
[Site "Zlatibor"]
[Date "2007.08.23"]
[Round "3.5"]
[White "Krstic, Petar"]
[Black "Lajthajm, Borko"]
[Result "1/2-1/2"]
[WhiteElo "2327"]
[BlackElo "2511"]
[PlyCount "79"]
[EventDate "2007.08.21"]

1. d4 Nf6 2. c4 e6 3. Nc3 Bb4 4. e3 b6 5. Nge2 Bb7 6. a3 Be7 7. d5 O-O 8. Ng3
d6 9. Bd3 Nbd7 10. O-O a5 11. e4 Nc5 12. Bc2 Nfd7 13. Bd2 Ne5 14. b3 Bf6 15.
Nh5 Ng6 16. Nxf6+ Qxf6 17. Nb5 Rfc8 18. f4 Qe7 19. Nd4 Nd7 20. f5 Ngf8 21. fxe6
fxe6 22. Qg4 Ne5 23. Qg3 c5 24. Bg5 Qd7 25. Rxf8+ Rxf8 26. dxe6 Qe8 27. e7 cxd4
28. exf8=Q+ Qxf8 29. Rd1 d3 30. Bxd3 Nxd3 31. Rxd3 Bxe4 32. Rxd6 Re8 33. h4 Qf5
34. Rxb6 Bxg2 35. Qxg2 Re1+ 36. Kh2 Qe5+ 37. Kh3 Qf5+ 38. Kh2 Qe5+ 39. Kh3 Qf5+
40. Kh2 1/2-1/2

[Event "SRB Team Chmp 2007"]
[Site "Zlatibor"]
[Date "2007.08.23"]
[Round "3.6"]
[White "Matulovic, Milan"]
[Black "Vuckovic, Bojan"]
[Result "0-1"]
[WhiteElo "2389"]
[BlackElo "2563"]
[PlyCount "69"]
[EventDate "2007.08.21"]

1. e4 c5 2. Nf3 Nc6 3. d4 cxd4 4. Nxd4 Nf6 5. Nc3 e5 6. Ndb5 d6 7. Nd5 Nxd5 8.
exd5 Nb8 9. c4 Be7 10. Be2 a6 11. Nc3 O-O 12. O-O Nd7 13. Be3 f5 14. f3 Bg5 15.
Bf2 Qf6 16. b4 Qh6 17. Kh1 a5 18. a3 e4 19. fxe4 Bf4 20. Bg1 Be5 21. Rc1 axb4
22. axb4 f4 23. Qd2 g5 24. Bd4 Rf6 25. c5 f3 26. Bxe5 fxg2+ 27. Kxg2 Nxe5 28.
Rxf6 Bh3+ 29. Kh1 Qxf6 30. Qe3 g4 31. c6 bxc6 32. dxc6 Nxc6 33. Nd5 Qb2 34. Rg1
Kh8 35. Qc3+ 0-1

[Event "SRB Team Chmp 2007"]
[Site "Zlatibor"]
[Date "2007.08.23"]
[Round "3.6"]
[White "Pikula, Dejan"]
[Black "Djuric, Stefan"]
[Result "1-0"]
[WhiteElo "2504"]
[BlackElo "2472"]
[PlyCount "123"]
[EventDate "2007.08.21"]

1. e4 e5 2. Nf3 Nc6 3. Bb5 a6 4. Ba4 Nf6 5. O-O Be7 6. Re1 b5 7. Bb3 O-O 8. h3
Bb7 9. d3 d6 10. c3 Nb8 11. Nbd2 Nbd7 12. Nf1 Re8 13. Ng3 Bf8 14. d4 h6 15. Bc2
g6 16. Nh2 Bg7 17. f4 h5 18. fxe5 dxe5 19. Bg5 c5 20. d5 Qb6 21. Qf3 Nh7 22.
Be3 Qd8 23. Rf1 Rf8 24. Qf2 c4 25. a4 Qe7 26. Qd2 Ndf6 27. Nf3 Ne8 28. axb5
axb5 29. Rxa8 Bxa8 30. Ra1 Bb7 31. Ra7 Nd6 32. Bc5 Ra8 33. Rxa8+ Bxa8 34. b4
cxb3 35. Bxb3 Qc7 36. Qf2 Bf8 37. Bb4 f6 38. Kh1 Kg7 39. Nh4 Be7 40. Bxd6 Bxd6
41. Nxg6 Kxg6 42. Qf5+ Kg7 43. Qxh5 Nf8 44. Nf5+ Kg8 45. Qh6 Kf7 46. Qg7+ Ke8
47. Qxf6 Be7 48. Qa6 Qb7 49. Qh6 Bc5 50. Qf6 Qa7 51. Qxe5+ Kd8 52. Qf6+ Kc8 53.
Kh2 Bg1+ 54. Kh1 Bc5 55. Kh2 Qa1 56. Nd6+ Kc7 57. Nxb5+ Kd7 58. Qf7+ Kd8 59.
Qc7+ Ke8 60. Qxc5 Qc1 61. Nd6+ Ke7 62. Nf5+ 1-0

[Event "SRB Team Chmp 2007"]
[Site "Zlatibor"]
[Date "2007.08.23"]
[Round "3.6"]
[White "Tosic, Miroslav"]
[Black "Rajkovic, Dusan"]
[Result "1-0"]
[WhiteElo "2437"]
[BlackElo "2522"]
[PlyCount "101"]
[EventDate "2007.08.21"]

1. d4 Nf6 2. c4 e6 3. g3 c5 4. d5 exd5 5. cxd5 d6 6. Nc3 g6 7. Bg2 Bg7 8. Nf3
O-O 9. Nd2 a6 10. a4 Nbd7 11. Nc4 Nb6 12. Na3 Bd7 13. Bd2 Rb8 14. a5 Na8 15.
Bf4 Ne8 16. Nc4 Bb5 17. Qb3 Bxc4 18. Qxc4 Nac7 19. Na4 Nb5 20. Bd2 Nf6 21. O-O
Nd7 22. e3 Re8 23. Ra2 f5 24. Qc2 Rc8 25. b3 h5 26. Rc1 h4 27. Qd1 hxg3 28.
hxg3 Rc7 29. Qf1 Ne5 30. Nb6 Ng4 31. Bf3 Qg5 32. Ra4 Nf6 33. Qh3 Rce7 34. Qh4
Qxh4 35. Rxh4 g5 36. Ra4 g4 37. Bg2 Kf7 38. b4 cxb4 39. Rxb4 Ne4 40. Bxe4 Rxe4
41. Rb3 R4e7 42. Rc4 Be5 43. Kg2 Kg6 44. Rbb4 Bf6 45. Rc1 Rh7 46. Rbc4 Bb2 47.
Rh1 Rxh1 48. Kxh1 Ba3 49. Kg2 Kg7 50. f3 gxf3+ 51. Kxf3 1-0

[Event "SRB Team Chmp 2007"]
[Site "Zlatibor"]
[Date "2007.08.23"]
[Round "3.6"]
[White "Rmus, Anto"]
[Black "Vratonjic, Slobo"]
[Result "1/2-1/2"]
[WhiteElo "2376"]
[BlackElo "2453"]
[PlyCount "60"]
[EventDate "2007.08.21"]

1. e4 c5 2. Nf3 e6 3. d4 cxd4 4. Nxd4 Nc6 5. Be3 Nf6 6. Bd3 e5 7. Nxc6 dxc6 8.
h3 Be6 9. Qe2 Qa5+ 10. Nd2 Bc5 11. O-O Bxe3 12. Qxe3 O-O 13. Rfb1 Qc7 14. b4
Rfd8 15. a4 h6 16. b5 c5 17. Qe2 Rac8 18. Qe1 c4 19. Bf1 Qc5 20. Nf3 Rd6 21.
Rd1 Rcd8 22. Rxd6 Rxd6 23. g4 b6 24. g5 hxg5 25. Nxg5 Nh5 26. Rd1 Nf4 27. Rxd6
Qxd6 28. Qc3 Kf8 29. Bxc4 Qc5 30. Qd2 Ke7 1/2-1/2